| 000 | 00344nam a22001457a 4500 | ||
|---|---|---|---|
| 020 | _a978-330-43746-2 | ||
| 082 |
_a823 _bBER/I |
||
| 100 | _aBERTAGNA, JULIE | ||
| 245 | _aICE CREAM- MACHINE | ||
| 260 |
_aLONDON _bMAC MILLAN PUBLISHERS LIMITED _c2004 |
||
| 300 | _a 84 | ||
| 520 | _aCHILDRENS NOVEL | ||
| 650 | _aCHILDRENS NOVEL | ||
| 942 | _cBK | ||
| 999 |
_c5720 _d5720 |
||